00453nam a2200181Ia 4500003000400000005001700004008004100021020001500062040001800077041000800095082002100103100001800124245003800142250001200180260004400192300002400236650001100260OSt20250128153442.0210716s2000 xx 000 0 und d a1577489667 cAIMIT LIBRARY aeng a808.83 21bSTEJ aStengl, Jill. aGrant me mercy /cBy Jill Stengl. a1st ed. aNew York :bBarbour Publishing ;c2000. a174p. ;bPBc17 cm. aNovels